Qui sont ces personnages de Outer Banks - Statistiques

Statistiques générales
  • Ce quiz a été pris 3 199 fois
  • Le résultat moyen est 13 sur 16
Statistiques - réponses
Par images Réponse % Correct
Sarah Cameron
99%
JJ Maybank
96%
John B Routledge
96%
Pope Heyward
95%
Kiara Carrera
93%
Rafe Cameron
89%
Topper Thornton
89%
Cleo
87%
Big John Routledge
86%
Ward Cameron
86%
Rose Cameron
82%
Barry
66%
Luke Maybank
59%
Victor Shoupe
58%
Carla Limbrey
52%
Carlos Singh
29%
Aucun quiz correspondant
Distribution des résultats
% des personnes avec chaque résultat
Percentile par nombre de réponses
Votre historique - résultats
Vous n’avez pas pris ce quiz